Normal view
MARC view
- PARVATHY MENON
Entry Personal Name
001 - CONTROL NUMBER
- control field: 3694
003 - CONTROL NUMBER IDENTIFIER
- control field: OSt
005 - DATE AND TIME OF LATEST TRANSACTION
- control field: 20181012110722.0
008 - FIXED-LENGTH DATA ELEMENTS
- fixed length control field: 181012|| aca||aabn | a|a d
040 ## - CATALOGING SOURCE
- Original cataloging agency: OSt
- Transcribing agency: OSt
100 ## - HEADING--PERSONAL NAME
- Personal name: PARVATHY MENON
670 ## - SOURCE DATA FOUND
- Source citation: Work cat.: (OSt)15163: PARVATHY MENON, Development of methodologies for the complete utilization ofo poultry abattoir waste
